Metody s preměnnou metrikou : Nepodmíněná minimalizace /

Salvato in:
Dettagli Bibliografici
Autore principale: Lukšan, Ladislav (Autore)
Natura: Libro
Lingua:ceco
Pubblicazione: Praha : Academia, 1990
Edizione:1.vyd.
Tags: Aggiungi Tag
Nessun Tag, puoi essere il primo ad aggiungerne!!

MARC

LEADER 00000nam a22000003a 4500
001 stu1472
005 20150617225618.2
008 920403s1990----cs------------------cze-d
040 |a STU  |b slo 
041 0 |a cze 
044 |a cs 
080 |a 519.714 
100 1 |a Lukšan, Ladislav  |4 aut 
245 1 |a Metody s preměnnou metrikou :  |b Nepodmíněná minimalizace /  |c [aut.] Lukšan,Ladislav 
250 |a 1.vyd. 
260 |a Praha :  |b Academia,  |c 1990 
300 |a 347 s 
996 |b E76347  |c E*76347  |l EE03  |s P  |a 0  |w stu1472_0001 
996 |b E76348  |c E*76348  |l EE03  |s P  |a 0  |w stu1472_0002